[Event "AUTO-INT-830"]
[Site "http://www.queenalice.com/game.php?id=370290"]
[Date "2008.3.13"]
[Round "1"]
[White "ludy"]
[Black "YouLoseSorry"]
[Result "1-0"]
[WhiteElo "1746"]
[BlackElo "1444"]

1. a3 h6 2. b4 c5 3. e3 cxb4 4. axb4 e5 5. Bb2 Qf6 6. Bc4 Na6 7. Bxa6 bxa6 8.
Nf3 Qg6 9. O-O d6 10. d4 Bh3 11. Nh4 Qg5 12. Qf3 Qxh4 13. Qxa8+ Ke7 14. dxe5 Qg4
15. exd6+ 1-0

[Event "AUTO-INT-830"]
[Site "http://www.queenalice.com/game.php?id=370291"]
[Date "2008.3.13"]
[Round "1"]
[White "YouLoseSorry"]
[Black "ludy"]
[Result "0-1"]
[WhiteElo "1440"]
[BlackElo "1750"]

1. e4 c5 2. d4 cxd4 3. Qxd4 Nc6 4. Qe3 d6 5. Bb5 e5 6. Bxc6+ bxc6 7. Nc3 Ba6 8.
Nf3 g6 9. h3 Nf6 10. Bd2 Bg7 11. O-O-O Qb6 12. Qxb6 axb6 13. Bg5 O-O 14. Rxd6
Bb7 0-1

[Event "AUTO-INT-830"]
[Site "http://www.queenalice.com/game.php?id=370298"]
[Date "2008.3.13"]
[Round "1"]
[White "YouLoseSorry"]
[Black "luccalucas"]
[Result "0-1"]
[WhiteElo "1473"]
[BlackElo "1990"]

1. e4 e5 2. Nc3 Nc6 3. Nf3 Nf6 4. d3 Bc5 5. Bg5 h6 6. Bxf6 gxf6 7. a3 d6 8. b4
Bd4 9. b5 Bxc3+ 10. Ke2 Nd4+ 11. Nxd4 Bxd4 12. Rb1 f5 13. exf5 Bxf5 14. h3 Qf6
15. f3 O-O-O 16. Rb3 Rdg8 17. g4 Be6 18. Rb4 h5 19. gxh5 Rxh5 20. Ke1 Qh4+ 21.
Ke2 Qf2# 0-1

[Event "AUTO-INT-830"]
[Site "http://www.queenalice.com/game.php?id=370299"]
[Date "2008.3.13"]
[Round "1"]
[White "luccalucas"]
[Black "YouLoseSorry"]
[Result "1-0"]
[WhiteElo "2003"]
[BlackElo "1478"]

1. e4 e5 2. Nf3 Nc6 3. Bb5 Nd4 4. Nxd4 exd4 5. O-O c6 6. Bc4 b5 7. Bb3 Ba6 8. c3
b4 9. Re1 dxc3 10. bxc3 bxc3 11. Nxc3 Qf6 12. d4 Bb4 13. Re3 Bxc3 14. Rxc3 Be2
15. Qxe2 Qxd4 16. Qf3 Nh6 17. Bxh6 O-O 18. Bg5 h6 19. Be7 Qe5 20. Bxf8 Rxf8 21.
Rd1 d5 22. exd5 cxd5 23. Bxd5 Kh8 24. Re3 Qc7 25. Rde1 g6 26. Re7 Qa5 27. Bxf7
Rxf7 28. Qxf7 Qxe1+ 29. Rxe1 a5 30. Re8# 1-0

[Event "AUTO-OPEN-1053"]
[Site "http://www.queenalice.com/game.php?id=370363"]
[Date "2008.3.13"]
[Round "1"]
[White "Guarani"]
[Black "YouLoseSorry"]
[Result "1-0"]
[WhiteElo "1500"]
[BlackElo "1458"]

1. e4 e5 2. Nf3 Nc6 3. Bc4 h6 4. O-O Nf6 5. Nc3 Nd4 6. Nxe5 d6 7. Nxf7 Qe7 8.
Nxh8 Bg4 9. f3 Be6 10. Bxe6 Qxe6 11. Ng6 Nh5 12. Nxf8 Kxf8 13. f4 b5 14. Qxh5
Nxc2 15. Rb1 b4 16. Nd5 Qxe4 17. Nxc7 Nd4 18. Nxa8 Qxa8 19. b3 Ne2+ 20. Qxe2 a5
21. Bb2 g5 22. fxg5+ Kg8 23. Qe6+ 1-0

[Event "AUTO-OPEN-1053"]
[Site "http://www.queenalice.com/game.php?id=370364"]
[Date "2008.3.13"]
[Round "1"]
[White "YouLoseSorry"]
[Black "Guarani"]
[Result "0-1"]
[WhiteElo "1440"]
[BlackElo "1872"]

1. e4 e5 2. Nf3 Nc6 3. Bb5 a6 4. Bxc6 dxc6 5. Nxe5 Qd4 6. Nf3 Qxe4+ 7. Kf1 Bg4
8. d3 Bxf3 9. gxf3 Qe6 10. c4 O-O-O 11. Kg2 Bc5 12. Re1 Qg6+ 13. Kf1 h5 14. Re5
Bd4 15. Rg5 Qd6 16. Nd2 Qxh2 17. Ne4 Nf6 18. Rg2 Qh3 19. Ng5 Qd7 20. Be3 Bxb2
21. Rb1 Ba3 22. Ne4 Nxe4 23. fxe4 g6 24. Bg5 Qxd3+ 25. Qxd3 Rxd3 26. Bf6 Re8 27.
Rb3 Rxb3 28. axb3 Rxe4 29. f3 Rf4 30. Bb2 Rxf3+ 31. Kg1 Rxb3 32. Bxa3 Rxa3 33.
Rf2 Rg3+ 34. Kh2 Rg4 35. Rxf7 Rxc4 36. Rf6 Rg4 37. Rf8+ Kd7 38. Rf7+ Kd6 39.
Rf6+ Kc5 40. Rf3 b5 0-1

[Event "AUTO-OPEN-1053"]
[Site "http://www.queenalice.com/game.php?id=370385"]
[Date "2008.3.13"]
[Round "1"]
[White "GugliFerri"]
[Black "YouLoseSorry"]
[Result "1-0"]
[WhiteElo "1092"]
[BlackElo "1434"]

1. c4 d5 2. e3 Nf6 3. Nc3 c6 4. c5 Nbd7 5. d4 b6 6. Qa4 b5 7. Qc2 b4 8. Na4 e5
9. dxe5 Nxe5 10. Be2 h6 11. Bd2 a5 12. Nb6 Ra7 13. Nf3 Nxf3+ 14. Bxf3 Rb7 15.
Qa4 Rxb6 16. cxb6 Qxb6 17. O-O g5 18. Rac1 Bd7 19. Rfe1 c5 20. Qc2 a4 21. Qd3
Bb5 22. Qf5 c4 23. Qc8+ Qd8 24. Qb7 Qd7 25. Qb8+ Ke7 26. Qe5+ Qe6 27. Bxb4+ Ke8
28. Qb8+ 1-0

[Event "AUTO-OPEN-1053"]
[Site "http://www.queenalice.com/game.php?id=370386"]
[Date "2008.3.13"]
[Round "1"]
[White "YouLoseSorry"]
[Black "GugliFerri"]
[Result "0-1"]
[WhiteElo "1504"]
[BlackElo "1092"]

1. e4 c5 2. Nf3 Nc6 3. b3 e5 4. Bc4 g6 5. d3 d6 6. Ng5 Bh6 7. Nxf7 Qh4 8. Nxh8
Bg7 9. Bxg8 Bxh8 10. Bd5 Bg4 11. Qd2 O-O-O 12. Bxc6 bxc6 13. g3 Qf6 14. h3 Qf3
15. O-O Bxh3 0-1

[Event "AUTO-OPEN-1053"]
[Site "http://www.queenalice.com/game.php?id=370397"]
[Date "2008.3.13"]
[Round "1"]
[White "luccalucas"]
[Black "YouLoseSorry"]
[Result "1-0"]
[WhiteElo "1993"]
[BlackElo "1473"]

1. e4 e5 2. Nf3 Nc6 3. Bb5 Nd4 4. Nxd4 exd4 5. O-O c6 6. Bc4 b5 7. Bb3 Ba6 8. c3
b4 9. Re1 bxc3 10. bxc3 dxc3 11. Nxc3 g6 12. d4 Bg7 13. Ba3 Qa5 14. Qf3 Nh6 15.
Bc5 Ng4 16. Qxf7+ Kd8 17. Qxg7 Kc7 18. Be6 Rhd8 19. Bxg4 Qxc3 20. Rec1 Qa5 21.
d5 cxd5 22. Bb4+ 1-0

[Event "AUTO-OPEN-1053"]
[Site "http://www.queenalice.com/game.php?id=370398"]
[Date "2008.3.13"]
[Round "1"]
[White "YouLoseSorry"]
[Black "luccalucas"]
[Result "0-1"]
[WhiteElo "1480"]
[BlackElo "1984"]

1. e4 e5 2. Nc3 Nc6 3. Nf3 Nf6 4. d3 Bb4 5. Bg5 h6 6. Bxf6 Qxf6 7. Nd2 O-O 8.
Nd5 Qe6 9. Nxc7 Qd6 10. Nxa8 Qb8 11. a3 Bc5 12. b4 Bd4 13. c3 Bxc3 14. Rc1 Bxd2+
15. Qxd2 Qxa8 16. b5 Nd4 17. Qc3 d6 18. Qb4 Qb8 19. g3 Nf3+ 20. Ke2 Nd4+ 21. Ke3
Bd7 22. b6 a6 23. f4 Rc8 24. Rb1 Nc2+ 0-1

[Event "4.Shark-Simultan"]
[Site "http://www.queenalice.com/game.php?id=371338"]
[Date "2008.3.15"]
[Round "-"]
[White "Gambitshark"]
[Black "YouLoseSorry"]
[Result "1-0"]
[WhiteElo "2556"]
[BlackElo "1503"]

1. d4 d5 2. e4 dxe4 3. Nc3 f5 4. Bc4 Nf6 5. f3 Nc6 6. Be3 a6 7. fxe4 fxe4 8.
Nge2 Bg4 9. O-O b5 10. Bb3 e5 11. h3 Bxe2 12. Qxe2 exd4 13. Nxe4 dxe3 14. Nxf6+
gxf6 15. Qh5+ Kd7 16. Qf5+ Ke8 17. Qe6+ Ne7 18. Qf7+ Kd7 19. Rad1+ Kc8 20. Rxd8+
Kxd8 21. Qxf6 c5 22. Qxh8 c4 23. Rxf8+ 1-0

[Event "Challenge"]
[Site "http://www.queenalice.com/game.php?id=371546"]
[Date "2008.3.15"]
[Round "-"]
[White "YouLoseSorry"]
[Black "Maximus_the_Knight"]
[Result "0-1"]
[WhiteElo "1470"]
[BlackElo "939"]

1. e4 Nf6 2. d3 d5 3. Bg5 dxe4 4. dxe4 Qxd1+ 5. Kxd1 Nxe4 6. Be3 e6 7. Bd3 Nc5
8. Bxc5 Bxc5 9. Nf3 Bxf2 10. Ne5 Bd4 11. Nf3 Bxb2 12. c3 O-O 13. Nbd2 Bxa1 14.
Kc2 Bxc3 15. Kxc3 c5 16. Ng5 b6 17. Bxh7+ Kh8 18. Rf1 f6 19. Be4 Nd7 20. Nxe6
Ba6 21. Nc7 Bxf1 22. Bxa8 a5 23. Nxf1 f5 24. Bc6 Nb8 25. Ne6 Rf6 26. Bd5 f4 27.
g4 Rg6 28. h3 Rh6 29. Nxf4 Rf6 30. Ng3 Rxf4 31. Nh5 Ra4 32. Bb3 Rb4 33. a3 Re4
34. Ng3 Re3+ 35. Kc4 Rxg3 0-1

[Event "AUTO-INT-834"]
[Site "http://www.queenalice.com/game.php?id=371863"]
[Date "2008.3.16"]
[Round "1"]
[White "mvson33"]
[Black "YouLoseSorry"]
[Result "0-1"]
[WhiteElo "1700"]
[BlackElo "1488"]

1. d4 d5 2. c4 dxc4 3. Nc3 e6 4. Nf3 Bb4 5. e4 Bxc3+ 6. bxc3 Nf6 7. Qc2 O-O 8.
Bxc4 a6 9. O-O b5 10. Bd3 Bb7 11. Bg5 Nc6 12. e5 h6 13. Bh4 g5 14. Bxg5 hxg5 15.
Nxg5 Qd5 16. Bg6 Nxe5 17. dxe5 Qxg2# 0-1

[Event "AUTO-INT-834"]
[Site "http://www.queenalice.com/game.php?id=371864"]
[Date "2008.3.16"]
[Round "1"]
[White "YouLoseSorry"]
[Black "mvson33"]
[Result "0-1"]
[WhiteElo "1504"]
[BlackElo "1663"]

1. e4 d5 2. Nc3 d4 3. Nd5 c6 4. Nb4 e5 5. c3 c5 6. Nd5 Nf6 7. Nxf6+ Qxf6 8. Nf3
Bg4 9. h3 Bxf3 10. gxf3 Nc6 11. Bc4 O-O-O 12. d3 Na5 13. cxd4 exd4 14. Qa4 Nxc4
15. dxc4 Qxf3 16. Rg1 Qxe4+ 17. Kf1 Kb8 18. Qa5 Bd6 19. Rxg7 Qd3+ 20. Ke1 Rde8+
21. Be3 dxe3 22. Rd1 exf2+ 23. Kxf2 Re2+ 24. Kf1 Qxd1+ 25. Qe1 Qxe1# 0-1

[Event "AUTO-INT-834"]
[Site "http://www.queenalice.com/game.php?id=371879"]
[Date "2008.3.16"]
[Round "1"]
[White "erivaldoadao"]
[Black "YouLoseSorry"]
[Result "1-0"]
[WhiteElo "1556"]
[BlackElo "1436"]

1. e4 e5 2. Nf3 d6 3. Bc4 Bg4 4. Be2 Nf6 5. Nc3 Bxf3 6. Bxf3 Be7 7. O-O O-O 8.
Re1 Nc6 9. Nd5 Nxd5 10. exd5 Nd4 11. c3 Nb5 12. d4 Bg5 13. Bxg5 Qxg5 14. a4 exd4
15. axb5 dxc3 16. bxc3 Qf6 17. c4 Qc3 18. Rc1 Qf6 19. c5 dxc5 20. Rxc5 Qf4 21.
Re4 Qd6 22. Qc2 Rac8 23. Rh4 h6 24. Rg4 f5 25. Rg3 f4 26. Rg6 Qe5 27. h3 b6 28.
Rc3 Qe1+ 29. Kh2 Ra8 30. Rxc7 1-0

[Event "AUTO-INT-834"]
[Site "http://www.queenalice.com/game.php?id=371880"]
[Date "2008.3.16"]
[Round "1"]
[White "YouLoseSorry"]
[Black "erivaldoadao"]
[Result "1-0"]
[WhiteElo "1452"]
[BlackElo "1605"]

1. e4 e5 2. d4 exd4 3. Qxd4 Nc6 4. Qd3 Nf6 5. Bg5 Be7 6. Bxf6 Bxf6 7. c3 Ne5 8.
Qd5 O-O 9. f4 c6 10. Qd6 Nc4 11. Qc5 Nxb2 12. e5 Be7 13. Qf2 d5 14. Qxb2 Bf5 15.
Qxb7 Bc5 16. Qxc6 Bxg1 17. Rxg1 Qh4+ 18. g3 Qxh2 19. Rg2 Qh3 20. Qxd5 Rac8 21.
Kf2 Rcd8 22. Qb7 Rd1 23. Be2 Rd7 24. g4 Rxb7 25. gxf5 Qxf5 26. Rg1 Qxf4+ 27. Ke1
1-0

[Event "AUTO-INT-834"]
[Site "http://www.queenalice.com/game.php?id=371890"]
[Date "2008.3.16"]
[Round "1"]
[White "YouLoseSorry"]
[Black "Myname"]
[Result "0-1"]
[WhiteElo "1474"]
[BlackElo "1448"]

1. e4 e5 2. d4 d5 3. dxe5 dxe4 4. Qxd8+ Kxd8 5. Nc3 Bb4 6. f3 Bf5 7. a3 Bxc3+ 8.
bxc3 Nc6 9. Bb5 Nh6 10. g4 Nxg4 11. fxg4 Bxg4 12. Bxc6 bxc6 13. Ne2 Re8 14. Rg1
h5 15. Bg5+ Kc8 16. Nf4 Rxe5 17. Bh4 Kb7 18. Rb1+ Rb5 19. Rxb5+ cxb5 20. h3 f5
21. hxg4 fxg4 22. Ne6 Rg8 23. Nc5+ Kc6 24. Nxe4 Re8 25. Kf2 Rxe4 26. Kg3 Re3+
27. Kf4 Rxc3 28. Kg5 b4 29. axb4 Rxc2 30. Kxh5 Rc4 31. Be7 Kb5 32. Rxg4 Rxg4 33.
Kxg4 a5 34. bxa5 Kxa5 0-1

[Event "Let's Play Chess!"]
[Site "http://www.queenalice.com/game.php?id=373793"]
[Date "2008.3.20"]
[Round "-"]
[White "SiColl007"]
[Black "YouLoseSorry"]
[Result "1-0"]
[WhiteElo "1456"]
[BlackElo "1474"]

1. d4 d5 2. c4 dxc4 3. e4 Nf6 4. Nc3 Bg4 5. Nf3 Bxf3 6. Qxf3 Qxd4 7. Be2 Nc6 8.
O-O Nb4 9. Rd1 Qe5 10. Bxc4 Nc2 11. Rb1 Qc5 12. Bb3 Nb4 13. Nd5 O-O-O 14. Be3
Qa5 15. Nxb4 Qxb4 16. Bxf7 Nxe4 17. Bxa7 Ng5 18. Rxd8+ Kxd8 19. Rd1+ Kc8 20.
Qf5+ 1-0

[Event "Let's Play Chess!"]
[Site "http://www.queenalice.com/game.php?id=373794"]
[Date "2008.3.20"]
[Round "-"]
[White "gesnerjunior"]
[Black "YouLoseSorry"]
[Result "1-0"]
[WhiteElo "1357"]
[BlackElo "1425"]

1. e4 e5 2. d4 exd4 3. Qxd4 c5 4. Qd5 Nf6 5. Bg5 Nxd5 6. Bxd8 Nb4 7. Bc7 Nxc2+
8. Kd1 Nxa1 9. Bxb8 Rxb8 10. Ne2 d5 11. exd5 Bg4 12. f3 1-0

[Event "Let's Play Chess!"]
[Site "http://www.queenalice.com/game.php?id=375420"]
[Date "2008.3.23"]
[Round "-"]
[White "soccer6"]
[Black "YouLoseSorry"]
[Result "1-0"]
[WhiteElo "1576"]
[BlackElo "1470"]

1. e4 e5 2. Nf3 d6 3. d3 Bg4 4. Nbd2 Qe7 5. g3 Bxf3 6. Nxf3 Nf6 7. Qe2 Nc6 8.
Bg2 O-O-O 9. O-O Nd4 10. Nxd4 exd4 11. Bd2 Qe5 12. c3 dxc3 13. Bxc3 Qh5 14. Bf3
Qh3 15. Bg2 Qh6 16. Rac1 Qh5 17. Qc2 Ng4 18. h3 Nf6 19. Ba5 b6 20. Qxc7# 1-0